000 00485nam a22001457a 4500
999 _c60822
_d60822
005 20231025130247.0
008 231025s1972 ru ||||| |||| 00| 0 rus d
041 _arus
080 _a7(37+38) Э- 17
245 _aЭгейское искусство :
_b[альбом].
264 _aМ. :
_b Изобраз. искусство,
_c1972.
300 _a168 с. :
_bцв. ил.;
_c29 cм.
653 _aეგეოსური ხელოვნება
942 _2udc
_cᲬᲘᲒᲜᲘ